000 00629nam a22001937a 4500
003 OSt
005 20251118133019.0
008 251118b |||||||| |||| 00| 0 eng d
020 _a0-13-014123-2.
040 _aDWCL-Main lib
_cOC
082 _aGr. 150.9 L425h 2007
100 _aLawson, Robert B.
245 _aA History of psychology :
_bglobalization, ideas, and applications
_cLawson, Robert B.
260 _aN. J. :
_bPearson/Prentice Hall,
_cc2007.
300 _axxx, 498 pages ;
_c24 cm.
504 _aIncludes bibliographical references and index.
650 _21. Psychology-History-Textbooks.
942 _2ddc
_cGR
_kGr.
_n0
999 _c5800
_d5800